Teoria y problemas de microeconomia / Dominick Salvatore (Registro nro. 21089)

Detalles MARC
000 -LÍDER
fixed length control field 00456nam a2200169 4500
008 - ELEMENTOS DE LONGITUD FIJA -- INFORMACIÓN GENERAL
fixed length control field 0 1988 0a 000 0MEX
020 ## - NÚMERO INTERNACIONAL NORMALIZADO PARA LIBROS
ISBN 968-451-886-4
050 ## - SIGNATURA TOPOGRAFICA DE LA BIBLIOTECA DEL CONGRESO (LC)
Número de Clasificación HB171.5 S222
082 ## - NUMERO DE CLASIFICACION DECIMAL DEWEY
Número de Clasificación 338.5 S719t
100 ## - ASIENTO PRINCIPAL--NOMBRE PERSONAL
Nombre personal Salvatore, Dominick
245 ## - TÍTULO
Título Teoria y problemas de microeconomia / Dominick Salvatore
250 ## - MENCIÓN DE EDICIÓN
Mención de edición 2
260 ## - PUBLICACIÓN, DISTRIBUCIÓN, ETC. (PIE DE IMPRENTA)
Lugar de publicación, distribución, etc. México : McGRAHILL
300 ## - DESCRIPCIÓN FÍSICA
Extensión 343P. / 27cm.
440 ## -
-- Serie Shaum's
650 ## - ASIENTO SECUNDARIO DE MATERIA - TERMINO TEMÁTICO
Término temático o nombre geográfico como elemento de entrada 1.MICROECONOMIA
Existencias
No. biblioteca No. biblioteca Número de clasificación Código de barras/Número de adquisición Número de copia Tipo de material
LUIS G. INCLAN LUIS G. INCLAN 338.5 S719t 22775 21 Libros
LUIS G. INCLAN LUIS G. INCLAN 338.5 S719t 22955 24 Libros
Calzada Tecnológico # 27, Zacatepec, Morelos.
01(734) 343-07-23 / 343-21-10 / 343-21-11
Apdo. Postal 45 C.P 62780